Mitología de las plantas : leyendas del reino vegetal : botánica especial /

Obra en dos volúmenes que estructurada con la lógica alfabética de un diccionario, presenta los mitos y cuentos populares relacionados con las diversas plantas.

Spremljeno u:
Bibliografski detalji
Glavni autor: Gubernatis, Angelo de (autor)
Format: Knjiga
Jezik:španjolski
Izdano: Palma de Mallorca, España : José J. de Olañeta, 2003, c2003
Serija:(Alejandría)
Teme:
Oznake: Dodaj oznaku
Bez oznaka, Budi prvi tko označuje ovaj zapis!

MARC

LEADER 00000nam^a2200000^a^4500
001 000154779
005 20250521000000.0
009 20260310100405.04
020 |a 84-7651-043-6 
037 |a Acervo ITESO - Biblioteca 
041 |a ESP 
082 |a 398. 368  |b GUB V. 2 
100 |a Gubernatis, Angelo de  |e (autor) 
240 1 1 |a [Mitología de las plantas: leyendas del reino vegetal] 
245 1 0 |a Mitología de las plantas :  |b leyendas del reino vegetal : botánica especial /  |c A. de Gubernatis ; tr. por Manuel Serrat Crespo. 
264 4 |a Palma de Mallorca, España :  |b José J. de Olañeta,  |c 2003, c2003 
300 |a 222 p. 
336 |a texto  |b txt  |2 rdacontenido 
337 |a sin mediación  |b n  |2 rdamedio 
338 |a volumen  |b nc  |2 rdasoporte 
440 1 |a (Alejandría) 
500 |a Traducción de: La mythologie des plantes: ou les légendes du règne végétal 
520 |a Obra en dos volúmenes que estructurada con la lógica alfabética de un diccionario, presenta los mitos y cuentos populares relacionados con las diversas plantas. 
649 |a XX 
650 |a Plantas -  |x Aspectos Sociales y Culturales 
650 |a Botánica -  |x Aspectos Sociales y Culturales 
650 |a Botánica -  |x Enciclopedias y Diccionarios 
650 |a Leyendas 
650 |a Folklore 
650 |a Mitología 
650 |a Literatura Popular 
650 |a Prácticas Culturales 
650 |a Sociología de la Cultura 
910 |a Fondo General 
920 |a Impresos - Libros 
930 |a Colección General 
905 |a 101 
901 |a 0500086519  |b IT1  |c ACC  |u 20250521 
902 |a https://opac.biblio.iteso.mx/vufind/Record/000154779